| 000 | 00877nam a2200229Ia 4500 | ||
|---|---|---|---|
| 999 |
_c48412 _d48412 |
||
| 003 | GCL | ||
| 005 | 20240530104531.0 | ||
| 008 | 140319s9999 xx 000 0 ara d | ||
| 040 |
_aGCL / _cGCL |
||
| 082 | 0 | 4 |
_a590 _bف م |
| 100 | 1 | _aبن فضل الله العمرى | |
| 245 | 1 | 0 |
_aمسالك الابصار فى ممالك الامصار فى الحيوان والنبات والمعادن / _cبن فضل الله العمرى ؛ تحقيق عبدالحميد صالح حمدان |
| 260 |
_aالقاهرة : _bمكتبة مدبولى ، _c1996 |
||
| 300 | _a430 ص | ||
| 490 |
_aالهيئة العامة للاستعلامات _v0 |
||
| 650 | 0 | 4 | _aعلم النبات |
| 650 | 0 | 4 | _aالنباتات |
| 650 | 0 | 4 | _aعلم الحيوان |
| 650 | 0 | 4 | _aالحيوانات - تربية |
| 700 | 1 |
_aعبدالحميد صالح حمدان _eمحقق |
|
| 942 |
_2ddc _cBK |
||